| 000 -LEADER |
| fixed length control field |
00631nam a22001937a 4500 |
| 005 - DATE AND TIME OF LATEST TRANSACTION |
| control field |
20250707110940.0 |
| 008 - FIXED-LENGTH DATA ELEMENTS--GENERAL INFORMATION |
| fixed length control field |
250707s2019 en ||||| |||| 00| 0 eng d |
| 020 ## - INTERNATIONAL STANDARD BOOK NUMBER |
| International Standard Book Number |
9781496366993 X |
| 041 ## - LANGUAGE CODE |
| Language code of text/sound track or separate title |
eng |
| 080 ## - UNIVERSAL DECIMAL CLASSIFICATION NUMBER |
| Universal Decimal Classification number |
618 P-85 |
| 245 ## - TITLE STATEMENT |
| Title |
Pocket obstetrics and gynecology / |
| Statement of responsibility, etc. |
Editor : K. Joseph Hurt |
| 250 ## - EDITION STATEMENT |
| Edition statement |
Second edition |
| 264 ## - PRODUCTION, PUBLICATION, DISTRIBUTION, MANUFACTURE, AND COPYRIGHT NOTICE |
| Place of production, publication, distribution, manufacture |
Philadelphia : |
| Name of producer, publisher, distributor, manufacturer |
Wolters Kluwer, |
| Date of production, publication, distribution, manufacture, or copyright notice |
[2019] . |
| 300 ## - PHYSICAL DESCRIPTION |
| Extent |
383 p. |
| Other physical details |
ill. ; |
| Dimensions |
18 cm. |
| Accompanying material |
Includes index |
| 653 ## - INDEX TERM--UNCONTROLLED |
| keyword |
Chirurgie obstétricale Generative organs, Female |
| 653 ## - INDEX TERM--UNCONTROLLED |
| keyword |
გინეკოლოგია |
| 700 ## - ADDED ENTRY--PERSONAL NAME |
| Personal name |
Hurt, K. Joseph |
| 9 (RLIN) |
25614 |
| 942 ## - ADDED ENTRY ELEMENTS (KOHA) |
| Source of classification or shelving scheme |
|
| Koha item type |
წიგნი |